000 01285nam a2200217 a 4500
001 53796
005 20180714044238.0
008 140415s2009 mx 000 0 spa d
020 _a9786077796077
041 _aspa
082 _a338.97232
_bBAJ
100 1 _aBAJO, ALONSO
245 1 0 _aSISTEMA REGIONAL DE INNOVACION :
_bANALISIS DE SUS INDICADORES BASICOS EN SINALOA Y SONORA
250 _a1a ed.
260 _aMEXICO :
_bUNIVERSIDAD AUTONOMA DE SINALOA INSTITUTO DE INstituto...,
_c2009
300 _a164
_c17 x 0.8 x 23
520 _aEL LIBRO QUE HOY NOS ENTREGAN LOS ESTUDIOSOS DE ESTE CAMPO, ALONSO BAJO, JOSÉ BASTIDAS MORALES Y RAMONA FLORES VARELA, ES UNA APORTACION AL ESTUDIO DE LOS SISTEMAS REGIONALES DE INNOVACIÓN DESDE PRESPECTIVAS ESPECIFICAS, TANTO GEOGRÁFICA COMO DEL ESPACIO DISCIPLINARIO.EN EL CAMPO DISCIPLINARIO, QUE SE OCUPA DE LOS SISTEMAS E INDICADORES, NO SIGUEN UN CAMINO RESTRINGIDO EN ETS ASPECTO , SI NO QUE ENCONTRAMOS UNA SERIO DE DISCUSIONES Y PROPUESTAS TEORICAS EN TORNO A LOS SISTEMAS NACION
650 1 4 _aINDICADORES ECONOMICOS
_xPLANIFICACION REGIONAL
_xINNOVACIONES TECNOLOGICAS
_xASPECTOS ECONOMICOS
_xESTADOS UN
700 1 _aLOPEZ LEYVA, SANTOS
_epról.
700 1 _aBASTIDAS MORALES, JOSE -FLORES VARELA, RAMON
_ecoaut.
999 _c53796
_d53796